<?xml version="1.0" encoding="UTF-8"?>
<record
    xmlns:xsi="http://www.w3.org/2001/XMLSchema-instance"
    xsi:schemaLocation="http://www.loc.gov/MARC21/slim http://www.loc.gov/standards/marcxml/schema/MARC21slim.xsd"
    xmlns="http://www.loc.gov/MARC21/slim">

  <leader>02944nam a2200373 a 4500</leader>
  <controlfield tag="001">ebr10675061</controlfield>
  <controlfield tag="003">CaPaEBR</controlfield>
  <controlfield tag="006">m        u        </controlfield>
  <controlfield tag="007">cr cn|||||||||</controlfield>
  <controlfield tag="008">090630s2009    nyua    sb    001 0 eng d</controlfield>
  <datafield tag="010" ind1=" " ind2=" ">
    <subfield code="z">  2009027058</subfield>
  </datafield>
  <datafield tag="020" ind1=" " ind2=" ">
    <subfield code="z">9781608760206 (hardcover)</subfield>
  </datafield>
  <datafield tag="020" ind1=" " ind2=" ">
    <subfield code="z">9781617281839 (e-book)</subfield>
  </datafield>
  <datafield tag="040" ind1=" " ind2=" ">
    <subfield code="a">CaPaEBR</subfield>
    <subfield code="c">CaPaEBR</subfield>
  </datafield>
  <datafield tag="035" ind1=" " ind2=" ">
    <subfield code="a">(OCoLC)847729095</subfield>
  </datafield>
  <datafield tag="050" ind1="1" ind2="4">
    <subfield code="a">RJ365</subfield>
    <subfield code="b">.C45 2009eb</subfield>
  </datafield>
  <datafield tag="082" ind1="0" ind2="4">
    <subfield code="a">618.92/0472</subfield>
    <subfield code="2">22</subfield>
  </datafield>
  <datafield tag="245" ind1="0" ind2="0">
    <subfield code="a">Children and pain</subfield>
    <subfield code="h">[electronic resource] /</subfield>
    <subfield code="c">Patricia Schofield and Joav Merrick, editors.</subfield>
  </datafield>
  <datafield tag="260" ind1=" " ind2=" ">
    <subfield code="a">New York :</subfield>
    <subfield code="b">Nova Biomedical Books,</subfield>
    <subfield code="c">c2009.</subfield>
  </datafield>
  <datafield tag="300" ind1=" " ind2=" ">
    <subfield code="a">vi, 242 p. :</subfield>
    <subfield code="b">ill. (some col.).</subfield>
  </datafield>
  <datafield tag="490" ind1="1" ind2=" ">
    <subfield code="a">Health and human development series</subfield>
  </datafield>
  <datafield tag="504" ind1=" " ind2=" ">
    <subfield code="a">Includes bibliographical references and index.</subfield>
  </datafield>
  <datafield tag="505" ind1="0" ind2=" ">
    <subfield code="a">Children and pain / Patricia Schofield and Joav Merrick -- Psychological and alternative approaches to pediatric pain / Jennie C.I. Tsao, Qian Lu, and Lonnie K. Zeltzer -- Treating chronic pain in children from a holistic point of view / Soren Ventegodt and Joav Merrick -- Acute musculoskeletal sports injury / Amit M. Deokar, Shawn J. Smith, and Hatim A. Omar -- Treatment during acute painful episodes in adolescents with sickle cell disease / Eufemia Jacob, Marilyn Hockenberry, and Brigitta U. Mueller -- Morphine for acute pain in children with sickle cell disease / Eufemia Jacob ... [et al.] -- Healthy children's experimental pain responses / Subhadra Evans ... [et al.] -- How does chronic pain affect the lives of children? / Marcia L. Meldrum, Jennie C.I. Tsao, and Lonnie K. Zeltzer -- The needs of adolescents with chronic pain / Paula Forgeron and Patrick J. McGrath -- Clinical trials in children and adolescents with pain and sickle cell disease / Melissa J. Frei-Jones and Michael R. DeBaun -- Sickle cell disease : guidelines for treatment of pain in hospitalized children / Melissa J. Frei-Jones and Michael R. DeBaun -- Children with intellectual disability and assessment of pain / Lynn M. Breau -- Pregnancy and analgetics : long term effect on child quality of life / Soren Ventegodt ... [et al.] -- Pregnancy and mental pain : long term effect of maternal psychopharmacological drugs during pregnancy on child quality of life / Soren Ventegodt, Efrat Merrick-Kenig, and Joav Merrick.</subfield>
  </datafield>
  <datafield tag="533" ind1=" " ind2=" ">
    <subfield code="a">Electronic reproduction.</subfield>
    <subfield code="b">Palo Alto, Calif. :</subfield>
    <subfield code="c">ebrary,</subfield>
    <subfield code="d">2013.</subfield>
    <subfield code="n">Available via World Wide Web.</subfield>
    <subfield code="n">Access may be limited to ebrary affiliated libraries.</subfield>
  </datafield>
  <datafield tag="650" ind1=" " ind2="0">
    <subfield code="a">Pain in children</subfield>
    <subfield code="x">Treatment.</subfield>
  </datafield>
  <datafield tag="650" ind1=" " ind2="0">
    <subfield code="a">Sickle Cell Anemia</subfield>
    <subfield code="x">Treatment.</subfield>
  </datafield>
  <datafield tag="650" ind1=" " ind2="0">
    <subfield code="a">Pain</subfield>
    <subfield code="x">Measurement.</subfield>
  </datafield>
  <datafield tag="655" ind1=" " ind2="7">
    <subfield code="a">Electronic books.</subfield>
    <subfield code="2">local</subfield>
  </datafield>
  <datafield tag="700" ind1="1" ind2=" ">
    <subfield code="a">Schofield, Pat</subfield>
    <subfield code="q">(Patricia A.)</subfield>
  </datafield>
  <datafield tag="700" ind1="1" ind2=" ">
    <subfield code="a">Merrick, Joav,</subfield>
    <subfield code="d">1950-</subfield>
  </datafield>
  <datafield tag="710" ind1="2" ind2=" ">
    <subfield code="a">ebrary, Inc.</subfield>
  </datafield>
  <datafield tag="830" ind1=" " ind2="0">
    <subfield code="a">Health and human development series.</subfield>
  </datafield>
  <datafield tag="856" ind1="4" ind2="0">
    <subfield code="u">http://site.ebrary.com/lib/rucke/Doc?id=10675061</subfield>
    <subfield code="z">An electronic book accessible through the World Wide Web; click to view</subfield>
  </datafield>
  <datafield tag="999" ind1=" " ind2=" ">
    <subfield code="c">164056</subfield>
    <subfield code="d">164056</subfield>
  </datafield>
</record>
